धुनों की यात्रा : (Record no. 146352)

MARC details
000 -LEADER
fixed length control field 01313nam a22002297a 4500
005 - DATE AND TIME OF LATEST TRANSACTION
control field 20240115111658.0
010 ## - LCCN (DPL NO)
LC control number 17-18HN-4.8.17 B-706507-516 HIN-126725
020 ## - INTERNATIONAL STANDARD BOOK NUMBER
International Standard Book Number 9788126711697
Terms of availability 1750.00
035 ## - SYSTEM CONTROL NUMBER
System control number HN-99071
035 ## - SYSTEM CONTROL NUMBER
System control number B-706507-516
037 ## - SOURCE OF ACQUISITION
Stock number G
Source of stock number/acquisition राजकमल प्रकाशन
082 ## - DEWEY DECIMAL CLASSIFICATION NUMBER
Classification number 781.542092
100 ## - MAIN ENTRY--PERSONAL NAME
Personal name पंकज राग
245 ## - TITLE STATEMENT
Title धुनों की यात्रा :
Statement of responsibility, etc पंकज राग
Remainder of title हिन्दी फिल्मों के संगीतकार 1931-2005 /
246 ## - VARYING FORM OF TITLE
Title proper/short title Dhunon ki Yatra /
250 ## - EDITION STATEMENT
Edition statement 4था संस्क
260 ## - PUBLICATION, DISTRIBUTION, ETC. (IMPRINT)
Place of publication, distribution, etc नई दिल्ली
Name of publisher, distributor, etc राजकमल प्रकाशन
Date of publication, distribution, etc 2017
270 ## - ADDRESS
Address 1-बी,नेताजी सुभाष मार्ग,दरियागंज
City नई दिल्ली
Postal code 110002
300 ## - PHYSICAL DESCRIPTION
Extent 766पृ. :
Dimensions 25सेमी(सजिल्द)
Other physical details सचित्र
942 ## - ADDED ENTRY ELEMENTS (KOHA)
Source of classification or shelving scheme Dewey Decimal Classification
Item type Hindi Books
Classification part 781.542092
Call number suffix रागपं
Holdings
Withdrawn status Lost status Not for loan Collection code Home library Current library Date acquired Source of acquisition Cost, normal purchase price Full call number Barcode Copy number Cost, replacement price Koha item type
    Not For Loan Reference Ashok Vihar Ashok Vihar 05/07/2018 DBAD/PUB 1750.00 781.542092 रागपं HN-99071 1 1750.00 Hindi Books
      Reference Ashok Vihar Ashok Vihar 05/12/2018 राजकमल प्रकाशन BL- BR795/04.05.18/270/04.05.18/18.09.18 1750.00 781.542092 पंकज B-706508 1 1750.00 Hindi Books
      Reference Bagh Kadhe Khan Bagh Kadhe Khan 05/12/2018 राजकमल प्रकाशन BL- BR795/04.05.18/270/04.05.18/18.09.18 1750.00 781.542092 पंकज B-706514 1 1750.00 Hindi Books
      Reference Bawana Bawana 05/12/2018 राजकमल प्रकाशन BL- BR795/04.05.18/270/04.05.18/18.09.18 1750.00 781.542092 पंकज B-706516 1 1750.00 Hindi Books
      Reference Central Library Central Library 05/12/2018 राजकमल प्रकाशन BL- BR795/04.05.18/270/04.05.18/18.09.18 1750.00 781.542092 पंकज B-706507 1 1750.00 Hindi Books
      Reference Janak Puri Janak Puri 05/12/2018 राजकमल प्रकाशन BL- BR795/04.05.18/270/04.05.18/18.09.18 1750.00 781.542092 पंकज B-706512 1 1750.00 Hindi Books
      Reference Kasturba Gandhi Marg Kasturba Gandhi Marg 05/12/2018 राजकमल प्रकाशन BL- BR795/04.05.18/270/04.05.18/18.09.18 1750.00 781.542092 पंकज B-706510 1 1750.00 Hindi Books
      Reference Narela Narela 05/12/2018 राजकमल प्रकाशन BL- BR795/04.05.18/270/04.05.18/18.09.18 1750.00 781.542092 पंकज B-706515 1 1750.00 Hindi Books
      Reference Patel Nagar Patel Nagar 05/12/2018 राजकमल प्रकाशन BL- BR795/04.05.18/270/04.05.18/18.09.18 1750.00 781.542092 पंकज B-706509 1 1750.00 Hindi Books
      Reference Peshwa Road Peshwa Road 05/12/2018 राजकमल प्रकाशन BL- BR795/04.05.18/270/04.05.18/18.09.18 1750.00 781.542092 पंकज B-706511 1 1750.00 Hindi Books
      Reference Sarojini Nagar Sarojini Nagar 05/12/2018 राजकमल प्रकाशन BL- BR795/04.05.18/270/04.05.18/18.09.18 1750.00 781.542092 पंकज B-706513 1 1750.00 Hindi Books

© Delhi Public Library
Hit Counter
free hit counter